Statistics for Talk Fast - 5 Seconds of Summer (All Lyrics)

Click here to take the quiz!

General Stats

  • This quiz has been taken 194 times
  • The average score is 282 of 322

Answer Stats

Talk Fast% Correct
Verse 1I
98%
a
97%
fast
97%
favor
97%
I'm
97%
i'm
97%
talk
97%
Talk
97%
you
97%
with
96%
that
94%
last
93%
me
93%
for
92%
okay
92%
can
91%
oh
91%
Bridge | ChorusOh
91%
romance
91%
Won't
91%
won't
91%
crash
90%
wanna
90%
all
89%
Don't
89%
don't
89%
moment
89%
moment?
89%
get
87%
your
87%
burn
86%
Burn
86%
take
86%
what
86%
call
85%
forever
85%
from
85%
second
85%
give
84%
I'll
84%
ringing
84%
the
84%
hoping
83%
kinda
83%
that's
82%
bell
81%
think
81%
about
80%
in
79%
Just
79%
two
79%
wait
79%
want
79%
we
78%
together
77%
good
76%
love
76%
every
74%
it
74%
been
73%
I've
72%
you're
72%
so
70%
doing
68%
flavour
68%
look
68%
sweater
66%
Why
65%
dreaming
64%
bout'
63%
Pre-ChorusWould
63%
say
62%
complicated
61%
Verse 2Leave
60%
of
58%
at
56%
home
56%
throw
56%
bone?
55%
knitted
55%
indecisions
52%
They're
52%
Goddamnit
37%

Score Distribution

Percentile by Number Answered

Percent of People with Each Score

Your Score History

You have not taken this quiz